Mikrodozimetrie a její aplikace /
Na minha lista:
| Autor principal: | |
|---|---|
| Formato: | Livro |
| Idioma: | tcheco |
| Publicado em: |
Praha :
Academia,
1989
|
| Edição: | 1.vyd. |
| Assuntos: | |
| Tags: |
Sem tags, seja o primeiro a adicionar uma tag!
|
MARC
| LEADER | 00000nam a22000003a 4500 | ||
|---|---|---|---|
| 001 | stu41800 | ||
| 005 | 20150617225722.2 | ||
| 008 | 940121s1989----cs------------------cze-d | ||
| 040 | |a STU |b slo | ||
| 041 | 0 | |a cze | |
| 044 | |a cs | ||
| 080 | |a 537.5 | ||
| 100 | 1 | |a Sedlák, Antonín |4 aut | |
| 245 | 1 | |a Mikrodozimetrie a její aplikace / |c [aut.]Antonín Sedlák | |
| 250 | |a 1.vyd. | ||
| 260 | |a Praha : |b Academia, |c 1989 | ||
| 300 | |a 265 s | ||
| 650 | 7 | |a Mikrodozimetria |2 stusub | |
| 996 | |b 284M022251 |c M*7458-3 |l MMKN |s A |a 24 |w stu41800_0001 | ||
| 996 | |b 284M022248 |c M*7458-4 |l MMKN |s A |a 24 |w stu41800_0002 | ||
| 996 | |b 284M022249 |c M*7458-5 |l MMKN |s A |a 24 |w stu41800_0003 | ||
| 996 | |b 284M022247 |c M*7458-1 |l MMKN |s A |a 24 |w stu41800_0004 | ||
| 996 | |b 284M022250 |c M*7458-2 |l MMKN |s A |a 24 |w stu41800_0005 | ||
| 996 | |b 284M022246 |c M*7458-6 |l MMKN |s A |a 24 |w stu41800_0006 | ||